[Event "Heraklion Gazi op 10th"]
[Site "Heraklion"]
[Date "2014.08.02"]
[Round "5"]
[White "Vidalis, Evagelos"]
[Black "Zygourakis, Themistoklis"]
[Result "1/2-1/2"]
[WhiteElo "1898"]
[BlackElo "1609"]
[PlyCount "98"]
[EventDate "2014.07.30"]
[EventType "swiss"]
[EventRounds "9"]
[EventCountry "GRE"]
[SourceTitle "EXT 2016"]
[Source "ChessBase"]
[SourceDate "2015.10.08"]
[SourceVersion "1"]
[SourceVersionDate "2015.10.08"]
[SourceQuality "1"]

1. f4 d5 2. Nf3 c5 3. b3 Nf6 4. Bb2 Bf5 5. e3 Nc6 6. Bb5 Bg4 7. h3 Bxf3 8. Qxf3 a6 9. Bxc6+ bxc6 10. 0-0 e6 11. d3 Be7 12. Nd2 Qd7 13. g4 0-0-0 14. Rae1 Ne8 15. e4 Bf6 16. e5 Be7 17. Qe3 Bh4 18. Re2 d4 19. Qf3 Qd5 20. Nc4 Qxf3 21. Rxf3 Be7 22. Bc1 g6 23. Bd2 Kb7 24. Na5+ Kc7 25. Nc4 Kb7 26. Ba5 Rb8 27. Rg2 h5 28. f5 hxg4 29. hxg4 exf5 30. gxf5 gxf5 31. Rxf5 Rh7 32. Rg8 Nc7 33. Rxb8+ Kxb8 34. Bxc7+ Kxc7 35. Nd2 Kd7 36. Nf3 Ke6 37. Rf4 Rg7+ 38. Kf1 Rg3 39. Kf2 Rg7 40. Re4 a5 41. a4 Kd5 42. Re1 Bg5 43. Nxg5 Rxg5 44. Rh1 Rf5+ 45. Kg3 Rxe5 46. Rh8 Kd6 47. Kf2 Kc7 48. Ra8 Kb6 49. Rf8 Re7 1/2-1/2

[Event "Alexander the Great op 5th"]
[Site "Porto Carras"]
[Date "2013.05.07"]
[Round "1"]
[White "Zygourakis, Themistoklis"]
[Black "Nina, Miguel Angel"]
[Result "0-1"]
[WhiteElo "1616"]
[BlackElo "2284"]
[PlyCount "46"]
[EventDate "2013.05.07"]
[EventType "swiss"]
[EventRounds "7"]
[EventCountry "GRE"]
[SourceTitle "CBM 154 Extra"]
[Source "ChessBase"]
[SourceDate "2013.06.25"]
[SourceVersion "2"]
[SourceVersionDate "2013.06.25"]
[SourceQuality "1"]

1. e4 c5 2. c3 e6 3. d4 cxd4 4. cxd4 d5 5. e5 Nc6 6. Nf3 f6 7. Bd3 fxe5 8. Nxe5 Nxe5 9. dxe5 g6 10. Nc3 a6 11. 0-0 Bg7 12. Qe2 Ne7 13. Bg5 0-0 14. h4 Qc7 15. Bxe7 Qxe7 16. h5 Qg5 17. hxg6 hxg6 18. Rae1 Bd7 19. Qe3 Qxe3 20. Rxe3 d4 21. Rh3 dxc3 22. Bxg6 cxb2 23. Re1 Rac8 0-1

[Event "London Classic op"]
[Site "London"]
[Date "2011.12.09"]
[Round "7"]
[White "Rogers, Timothy"]
[Black "Zygourakis, Themistoklis"]
[Result "1-0"]
[WhiteElo "2061"]
[BlackElo "1688"]
[PlyCount "117"]
[EventDate "2011.12.03"]
[EventType "swiss"]
[EventRounds "9"]
[EventCountry "ENG"]
[SourceTitle "CBM 145 Extra"]
[Source "ChessBase"]
[SourceDate "2012.01.03"]
[SourceVersion "1"]
[SourceVersionDate "2012.01.03"]
[SourceQuality "1"]

1. e4 e6 2. d4 d5 3. Nc3 Nf6 4. e5 Nfd7 5. f4 c5 6. Nf3 Nc6 7. Be3 cxd4 8. Nxd4 Bc5 9. Qd2 Bxd4 10. Bxd4 Nxd4 11. Qxd4 Qb6 12. Qxb6 Nxb6 13. Nb5 Ke7 14. a4 Bd7 15. b3 Bxb5 16. axb5 Nd7 17. h4 f6 18. exf6+ gxf6 19. Rh3 Rhg8 20. Rc3 Kd6 21. g3 Rg7 22. Kf2 e5 23. Bg2 Nb6 24. fxe5+ fxe5 25. Rf3 Kc5 26. Rf5 Rag8 27. Rxa7 Rxg3 28. Bf1 Rc3 29. Bd3 Kd4 30. Rxb7 e4 31. Rxb6 exd3 32. cxd3 Rxd3 33. Rb7 Ra8 34. Rf3 Ra2+ 35. Kg3 Rxf3+ 36. Kxf3 Rb2 37. Kf4 Rxb3 38. h5 Rb1 39. h6 Rf1+ 40. Kg5 Kc5 41. Rxh7 Kxb5 42. Rc7 Kb6 43. Rc8 Rh1 44. Kg6 Rg1+ 45. Kf6 Rh1 46. Rh8 Kc5 47. Ke5 Re1+ 48. Kf4 Kd4 49. Kf3 Kd3 50. Rd8 Rh1 51. Rxd5+ Kc4 52. Rd6 Kc5 53. Rg6 Kd5 54. Kf4 Rf1+ 55. Kg5 Ke5 56. h7 Rg1+ 57. Kh6 Rh1+ 58. Kg7 Kf5 59. Rg2 1-0

[Event "London Classic op"]
[Site "London"]
[Date "2011.12.08"]
[Round "6"]
[White "Zygourakis, Themistoklis"]
[Black "Keuneke, Hanno"]
[Result "0-1"]
[WhiteElo "1688"]
[BlackElo "1782"]
[PlyCount "78"]
[EventDate "2011.12.03"]
[EventType "swiss"]
[EventRounds "9"]
[EventCountry "ENG"]
[SourceTitle "CBM 145 Extra"]
[Source "ChessBase"]
[SourceDate "2012.01.03"]
[SourceVersion "1"]
[SourceVersionDate "2012.01.03"]
[SourceQuality "1"]

1. e4 e5 2. Nf3 Nc6 3. Bc4 Nf6 4. d3 Bb4+ 5. c3 Be7 6. 0-0 0-0 7. Bb3 d5 8. exd5 Nxd5 9. Bc2 Bg4 10. h3 Bh5 11. Re1 Re8 12. Na3 Bxa3 13. bxa3 Nxc3 14. Qd2 Bxf3 15. Qxc3 Bh5 16. Rb1 Rb8 17. Rb5 f6 18. Bb3+ Kh8 19. Rd5 Qc8 20. Rc5 Re7 21. f4 Nd4 22. Qb2 b6 23. Rc4 c5 24. Qf2 Qb7 25. Rc3 exf4 26. Kh2 Rxe1 27. Qxe1 f3 28. g4 Re8 29. Be3 Bg6 30. Bd1 Ne2 31. Bf2 Nxc3 32. Qxc3 Qd5 33. d4 cxd4 34. Qd2 d3 35. Kg1 h5 36. Bg3 hxg4 37. hxg4 Qd4+ 38. Kf1 Re2 39. Bxe2 dxe2+ 0-1

[Event "London Classic op"]
[Site "London"]
[Date "2011.12.04"]
[Round "2"]
[White "Zygourakis, Themistoklis"]
[Black "Iyengar, Ilya"]
[Result "0-1"]
[WhiteElo "1688"]
[BlackElo "1974"]
[PlyCount "124"]
[EventDate "2011.12.03"]
[EventType "swiss"]
[EventRounds "9"]
[EventCountry "ENG"]
[SourceTitle "CBM 145 Extra"]
[Source "ChessBase"]
[SourceDate "2012.01.03"]
[SourceVersion "1"]
[SourceVersionDate "2012.01.03"]
[SourceQuality "1"]

1. e4 c5 2. c3 d5 3. exd5 Qxd5 4. d4 Nc6 5. Nf3 Bg4 6. Be2 cxd4 7. cxd4 e6 8. Nc3 Bb4 9. 0-0 Qa5 10. d5 exd5 11. h3 Bxf3 12. Bxf3 Bxc3 13. bxc3 Nge7 14. Qb3 b6 15. Bf4 0-0 16. Rfe1 Rad8 17. Rad1 d4 18. c4 Qc5 19. Qb5 Ng6 20. Qxc5 bxc5 21. Bg3 Nce7 22. Be4 f5 23. Bd3 Rfe8 24. Bc7 Rd7 25. Ba5 Kf7 26. g3 Rb7 27. Rb1 Reb8 28. f4 Rxb1 29. Rxb1 Rxb1+ 30. Bxb1 Ke6 31. Kf2 Nc6 32. Bd2 Nge7 33. a3 g6 34. Kf3 Nc8 35. Bc2 Nb6 36. Bb3 Nd8 37. Ke2 Nf7 38. Kd3 Nd6 39. Be1 Kf6 40. g4 fxg4 41. hxg4 h5 42. Bh4+ Kf7 43. gxh5 gxh5 44. Bd1 Kg6 45. Bb3 Kf5 46. Be7 Ne4 47. Bh4 Kxf4 48. Bd1 Nd7 49. Bxh5 Ne5+ 50. Kc2 Ke3 51. Be7 d3+ 52. Kb3 Kd4 53. Bf8 Nd2+ 54. Ka4 Kxc4 55. Be8 Kd5 56. Bb5 c4 57. Kb4 Nb1 58. Bh6 d2 59. Bxd2 Nxd2 60. a4 Nc6+ 61. Kc3 Ne4+ 62. Kc2 Nd4+ 0-1

[Event "World Amateur-ch"]
[Site "Kallithea"]
[Date "2008.04.29"]
[Round "1"]
[White "Skoulakis, Charalambos"]
[Black "Zygourakis, Themistoklis"]
[Result "1-0"]
[WhiteElo "1977"]
[BlackElo "1666"]
[PlyCount "73"]
[EventDate "2008.04.29"]
[EventType "swiss"]
[EventRounds "9"]
[EventCountry "GRE"]
[SourceTitle "CBM 124 Extra"]
[Source "ChessBase"]
[SourceDate "2008.07.03"]
[SourceVersion "1"]
[SourceVersionDate "2008.07.03"]
[SourceQuality "1"]

1. e4 e6 2. d4 d5 3. Nd2 Nf6 4. e5 Nfd7 5. Bd3 c5 6. c3 Nc6 7. Ngf3 Be7 8. 0-0 Qb6 9. a3 cxd4 10. cxd4 Nxd4 11. Nxd4 Qxd4 12. Nf3 Qb6 13. Qa4 0-0 14. Qg4 f5 15. Qg3 Re8 16. b4 a5 17. Be3 Qc7 18. Rfc1 Qb8 19. b5 b6 20. Bh6 Bf8 21. h4 Nc5 22. Bc2 Kh8 23. Bf4 Ra7 24. Nd4 Bd7 25. a4 Rc8 26. Qf3 Be8 27. g4 g6 28. Kh2 Rg7 29. Rg1 Qb7 30. Bg5 Be7 31. Bh6 Rg8 32. gxf5 exf5 33. Bxf5 Bf8 34. Bxc8 Qe7 35. Bg5 Qxe5+ 36. Kh1 Qd6 37. Bf6+ 1-0